000 00635nam a2200241Ia 4500
003 OSt
005 20221007074905.0
006 a|||||r|||| 00| 0
007 ta
008 221006b |||||||| |||| 00| 0 eng d
024 _a18,370
037 _cTextual
040 _aFLL
_cFLL
_beng
041 _2eng
_aeng
082 _aZ, L1.2
100 _aSingh Sheelendra Kumar Au.
_9693289
245 0 _aBangla Desh documents
260 _aNew Delhi
_bAsian Book Com. India
_c1971
300 _axxxiv,699p
_ccm.
490 _vVol.2
942 _hZ, L1.2
_cTEXL
_2CC
999 _c1154053
_d1154053